| 000 | 00986cam a2200289 i 4500 | ||
|---|---|---|---|
| 999 |
_c17910 _d17910 |
||
| 001 | 3226354 | ||
| 005 | 20161130090424.0 | ||
| 008 | 161130b xxu||||| |||| 00| 0 eng d | ||
| 010 | _a 79012966 | ||
| 020 |
_a0933920008 : _c$35.00 |
||
| 050 | 0 | 0 | _aND699.K3A4 1979 |
| 100 | 1 |
_aKandinsky, Wassily, _d1866-1944. |
|
| 245 | 1 | 0 |
_aKandinsky / _cby Hans K. Roethel, in collaboration with Jean K. Benjamin. |
| 250 | _a1st American ed. | ||
| 260 |
_aNew York : _bHudson Hills Press, _cc1979. |
||
| 300 |
_a172 p. : _bill. (some col.) ; _c33 cm. |
||
| 500 | _aIncludes index. | ||
| 504 | _aBibliography: p. 171. | ||
| 600 | 1 | 0 |
_aKandinsky, Wassily, _d1866-1944. |
| 700 | 1 |
_aRöthel, Hans Konrad, _d1909-1982. |
|
| 700 | 1 |
_aBenjamin, Jean K., _d1922- |
|
| 942 |
_2lcc _cBOOKS _hND699.K3A4 1979 |
||